| 000 | 00679nam a2200217 i 4500 | ||
|---|---|---|---|
| 001 | 21494 | ||
| 003 | ES-MaACL | ||
| 005 | 20250819063028.0 | ||
| 007 | t| | ||
| 008 | 021126s19581968sp ||||1| spa d | ||
| 100 | 1 |
_aAlborg, Juan Luis, _d1914-2010 _919409 |
|
| 245 | 1 | 0 |
_aHora actual de la novela española / _cJuan Luis Alborg Escarti. |
| 260 |
_aMadrid : _bTaurus, _c[1958-1968] |
||
| 300 |
_av. <1-2> (333, 433 p.) : _bil. ; _c21 cm. |
||
| 490 | 1 |
_aPersiles ; _v6, <21> |
|
| 650 | 4 |
_aNovela española- _yS.XX- _xHistoria y crítica _915617 |
|
| 830 | 1 | 0 |
_aPersiles ; _v6, <21> _9236720 |
| 852 | 4 |
_aES-MaACL _jP-875-Bis |
|
| 942 | _2udc | ||
| 999 |
_c21494 _d21494 |
||